000 01351nam a2200241Ia 4500
999 _c53264
_d53264
001 20305
003 GE_BSU
005 20200905191653.0
008 181216s1988||||ge |||||||||||||| ||geo||
040 _cGE_BSU
041 _ageo
080 _a81(05) ძ-49
245 _aძველი ქართული ენის კათედრის შრომები 1988 :
_bტომი 27 /
_cრედაქტორი კორნელი დანელია.
264 _aთბილისი :
_bსახელმწ. უნ-ტის გამ-ბა,
_c1988.
300 _a247 გვ. ;
_c25 სმ.
500 _aეძღვნება კათედრის დამაარსებლის აკად. აკაკი შანიძის ხსოვნას
500 _aთავფურცელი ქართულ და რუსულ ენებზე
541 _h2 ლ.
653 _aძველი ქართული ენის კათედრის შრომები
700 _aდანელია, კორნელი
_eრედაქტორი
_97597
710 _aთბილისის ივანე ჯავახიშვილის სახელობის სახელმწიფო უნივერსიტეტი
_99397
942 _cBK
_2udc